书目信息 |
| 题名: |
成功者的笔记本
|
|
| 作者: | 石语默 编著 | |
| 分册: | ||
| 出版信息: | 长春 吉林人民出版社 2002.04 |
|
| 页数: | 340页 | |
| 开本: | 21cm | |
| 丛书名: | ||
| 单 册: | ||
| 中图分类: | B848.4 | |
| 科图分类: | ||
| 主题词: | 成功心理学--教材 | |
| 电子资源: | ||
| ISBN: | 7-206-02712-1 | |
| 000 | 00719nam0 2200241 45 | |
| 001 | 012004000000 | |
| 005 | 20041013161944.50 | |
| 010 | @a7-206-02712-1@dCNY 19.80 | |
| 100 | @a20040630d2002 em y0chiy0121 ea | |
| 101 | 0 | @achi |
| 102 | @aCN@b220000 | |
| 105 | @ay z 000yy | |
| 200 | 1 | @a成功者的笔记本@Acheng gong zhe de bi ji ben@dThe great notes of successes@f石语默编著@zeng |
| 210 | @a长春@c吉林人民出版社@d2002.04 | |
| 215 | @a340页@d21cm | |
| 300 | @a成功者的智慧心念集成 | |
| 320 | @a本书含附录 | |
| 510 | 1 | @aThe great notes of successes@zeng |
| 606 | 0 | @a成功心理学@j教材 |
| 690 | @aB848.4@v3 | |
| 701 | 0 | @a石语默@Ashi yu mo@4编著 |
| 801 | 0 | @aCN@bQSSK@c20041013 |
| 905 | @a10447@dB848.4@eS548 | |
| 成功者的笔记本=The great notes of successes/石语默编著.-长春:吉林人民出版社,2002.04 |
| 340页;21cm |
| 成功者的智慧心念集成 |
| ISBN 7-206-02712-1:CNY 19.80 |
| ● |
| 相关链接 |
|
|
|
正题名:成功者的笔记本
索取号:B848.4/S548
 
预约/预借
| 序号 | 登录号 | 条形码 | 馆藏地/架位号 | 状态 | 备注 |
| 1 | 420042 | 204200426 | 社科库509/509社科库 46排2列5层/ [索取号:B848.4/S548] | 在馆 | |
| 2 | 420043 | 204200435 | 社科库509/ [索取号:B848.4/S548] | 在馆 | |
| 3 | 420044 | 204200444 | 社科库509/509社科库 46排2列5层/ [索取号:B848.4/S548] | 在馆 |